000 00200nam a2200085 4500
001 1258751
005 20260326110228.0
245 _aİLK OKUMA KARINCALAR
_cLUCY BOWMAN
260 _bTÜBİTAK YAYINLARI
999 _c1258751
_d1258751